| 000 | 00412cam a2200145ua 4500 | ||
|---|---|---|---|
| 041 |
_aeng _h |
||
| 082 |
_a790 _bPOT/SO |
||
| 100 | _aPotter, Stephen . | ||
| 245 |
_aSome notes on lifemanship with a summary of recent researches in gamesmanship / _cStephen Potter. _hTextual Documents |
||
| 260 |
_aBellomore : _bPenguin Books , _c1962. |
||
| 300 | _a115 ; . | ||
| 504 | _a | ||
| 942 | _cBK | ||
| 999 |
_c5941 _d5941 |
||